000 01033nam a2200289 i 4500
001 000037769
003 DO-SdBNP
005 20230725144144.0
007 ta
008 130305s2000 dr r 000 0 spa d
020 _a9993401471
040 _aDO-SdBNP
_bspa
_cBNPHU
_erda
082 4 _a511
_bG934m
_222
100 1 _aGuerrero Sánchez, Luis Manuel,
_d1939-
_964217
_eautor
245 1 0 _aMatemáticas :
_bsus fundamentos en secuencia óptima /
_cLuis M. Guerrero Sánchez.
264 1 _aSanto Domingo :
_bCorripio,
_c2000.
300 _avolumen ;
_c25 cm.
336 _2rdacontent
_atexto
_btxt
337 _2rdamedia
_asin mediación
_bn
338 _2rdacarrier
_avolumen
_bnc
500 _aLa biblioteca posee el v.1.
500 _aEn la portada: Nuevas ideas y conceptos para el aprendizaje más racional de las mátemáticas desde el principio y su comprensión para toda la vida.
590 _aInventariado, 2023/BT
650 4 _aMatemática
_934579
910 _aValidado. Control de la calidad. EMS
942 _2ddc
_cLBS1
999 _c37259
_d37259